|
|
|
|
| LEADER |
00000cas a2200000Ka 4500 |
| 005 |
20110711135040.0 |
| 007 |
cr ||||||||||| |
| 008 |
101025c20099999xxuar pss | 0 |eng c |
| 035 |
|
|
|a 5270
|
| 040 |
|
|
|d vLex
|
| 043 |
|
|
|a n-us---
|
| 090 |
|
|
|c 2205
|d 2205
|
| 245 |
0 |
0 |
|a Faulkner law review
|h [Recurso electrn̤ico]
|
| 256 |
|
|
|a Servicio en ln̕ea.
|
| 260 |
|
|
|a Montgomery, Al. :
|b Thomas Goode Jones School of Law, Faulkner University ,
|c 2009-
|
| 310 |
|
|
|a Anual
|
| 362 |
0 |
|
|a Vol. 1, issue 1 (Fall 2009)-
|
| 500 |
|
|
|a Descripcin̤ del recurso: 25 octubre 2010
|
| 506 |
1 |
|
|a Contenido solo disponible en los productos indicados
|d vLex Global
|d vLex Global (Academic Edition, excluding Law Schools)
|d vLex Global (Academic Edition, Law Schools)
|
| 650 |
0 |
4 |
|a Derecho
|x Revistas
|
| 650 |
0 |
4 |
|a Derecho
|z Estados Unidos de Amřica
|x Revistas
|
| 655 |
|
4 |
|a Revistas electrn̤icas
|
| 740 |
0 |
|
|a vLex Libros (Servicio en ln̕ea)
|
| 856 |
4 |
0 |
|z Acceso restringido
|u http://vlex.com/source/faulkner-university-law-review-5270
|
| 942 |
|
|
|c REV
|